Tabela ekstraklasy sezon 11/12 - Statystyki

Ogólne statystyki
  • Ten quiz został rozwiązany 28 razy
  • Średni wynik to 13 z 16
Statystyki odpowiedzi
Miejsce Klub % Poprawnych
4. Lech Poznań
100%
3. Legia Warszawa
100%
8. Górnik Zabrze
93%
13. Lechia Gdańsk
93%
15. ŁKS Łódź
93%
7. Wisła Kraków
93%
1. Śląsk Wrocław
89%
11. Widzew Łódź
89%
16. Cracovia
81%
10. Jagiellonia Białystok
81%
6. Polonia Warszawa
81%
2. Ruch Chorzów
81%
9. Zagłębie Lubin
81%
5. Korona Kielce
59%
14. GKS Bełchatów
41%
12. Podbeskidzie Bielsko - Biała
37%
Nie znaleziono quizów pasujących do podanych kryteriów
Rozkład punktacji
Procent ludzi z każdym wynikiem
Percentyl według liczby udzielonych odpowiedzi
Twoja historia wyników
Nie rozwiązałeś tego quizu